Statistics for 2020 Emmy Nominations and Winners (Lead Actors/Actresses)

Click here to take the quiz!

General Stats

  • This quiz has been taken 43 times
  • The average score is 14 of 34

Answer Stats

TV ShowAnswer% Correct
EuphoriaZendaya
77%
The CrownOlivia Colman
68%
Killing EveSandra Oh
68%
The Good PlaceTed Danson
68%
Dead to MeChristina Applegate
61%
OzarkJason Bateman
61%
Schitt's CreekEugene Levy
58%
The Morning ShowJennifer Anniston
58%
Schitt's CreekCatherine O'Hara
55%
Killing EveJodie Comer
55%
The Kominsky MethodMichael Douglas
55%
OzarkLaura Linney
52%
The Marvelous Mrs. MaiselRachel Brosnahan
52%
Dead to MeLinda Cardellini
48%
PoseBilly Porter
45%
This Is UsSterling K. Brown
45%
Black-ishAnthony Anderson
42%
Little Fires EverywhereKerry Washington
42%
Mrs. AmericaCate Blanchett
39%
InsecureIssa Rae
39%
The Morning ShowSteve Carrell
35%
Black-ishTracee Ellis Ross
35%
I Know This Much Is TrueMark Ruffalo
32%
WatchmenRegina King
32%
SuccessionBrian Cox
26%
Bad EducationHugh Jackman
26%
Black MondayDon Cheadle
23%
SuccessionJeremy Strong
23%
RamyRamy Youssef
23%
WatchmenJeremy Irons
19%
HollywoodJeremy Pope
19%
Self MadeOctavia Spencer
19%
UnorthodoxShira Haas
16%
Normal PeoplePaul Mescal
13%

Score Distribution

Percentile by Number Answered

Percent of People with Each Score

Your Score History

You have not taken this quiz